|
|
|
|
| LEADER |
00000nab a2200000 a 4500 |
| 001 |
vtls000034817 |
| 003 |
SK-MaSNL |
| 005 |
20260304065031.0 |
| 008 |
250422c1979 xo 0 slo |
| 015 |
|
|
|a SNBRB19rr/mm-uuuuu
|
| 035 |
|
|
|a CL0044912
|
| 035 |
|
|
|a urn:nbn:sk:snk-ab6p7c
|
| 035 |
|
|
|a (uuid)4888cd9f-4cbc-413b-93b1-f90b36e1477f
|
| 035 |
|
|
|a (urnnbn)urn:nbn:sk:snk:ar-005q28
|
| 035 |
|
|
|a (sysno)vtls000034817
|
| 040 |
|
|
|a SNKBUCL
|b slo
|c SNKBUCL
|e AACR2
|
| 041 |
0 |
|
|a cze
|
| 044 |
|
|
|a xo
|c SK
|
| 080 |
|
|
|a 621.791
|2 1981
|
| 100 |
1 |
|
|a Böhm, Jiří
|4 aut
|9 752015
|
| 245 |
1 |
0 |
|a Použití a perspektivy laseru při svařování, řezaní, vrtání a tepelném spracování kovů
|c Jiří Böhm
|
| 300 |
|
|
|b Schéma 2. Graf. 1.
|
| 650 |
0 |
7 |
|a kovy
|2 snkbucl
|9 16608
|
| 650 |
0 |
7 |
|a zváranie
|2 snkbucl
|9 1839
|
| 650 |
0 |
7 |
|a rezanie
|2 snkbucl
|9 19599
|
| 650 |
0 |
7 |
|a vŕtanie
|2 snkbucl
|9 26031
|
| 650 |
0 |
7 |
|a lasery
|2 snkbucl
|9 13696
|
| 655 |
|
7 |
|a články z novín a časopisov
|2 snkbucl
|9 267496
|
| 773 |
0 |
|
|t Zváranie
|g Roč. 28, č. 5 (1979), s. 157-159
|
| 850 |
|
|
|a Slovenská národná knižnica
|
| 852 |
|
|
|a Slovenská národná knižnica
|
| 954 |
|
|
|a odborná, vedecká literatúra pôvodná (slovenská)
|2 lita
|
| 954 |
|
|
|a odborná, vedecká literatúra cudzojazyčná (svetová)
|2 lita
|
| 958 |
|
|
|a article
|
| 958 |
|
|
|a OND
|
| 958 |
|
|
|a RK
|
| 958 |
|
|
|a CZ
|
| 958 |
|
|
|a EUIPO
|
| 992 |
|
|
|a RBX
|
| 999 |
|
|
|c 2748981
|d 2750911
|